000 00401nam a2200169Ia 4500
001 22779
003 IN-NITTTR
005 20251114233257.0
008 251113s9999||||xx |||||||||||||| ||eng||
040 _beng
040 _cIN-NITTTR
041 _aeng
082 _a658.4038 K91M
100 _aKroenke, David M.
245 0 _aManagement information systems. /
_cKroenke, David M.
942 _2ddc
_cBK
999 _c25408
_d25408